000 00586nam a2200229Ia 4500
005 20250425161732.0
008 250425s9999 xx 000 0 und d
020 _a9682446023
041 _aspa
082 _a304.2
100 _aHERRERA KOERNER, INGRID NIÑON
245 0 _aFACTORES AMBIENTALES Y ESTILOS DE DESARROOLLO
250 _a1A ED.
260 _aMEXICO
260 _aMéxico
_bTRILLAS
_c1995
300 _a67
650 _aECOLOGIA HUMANA
650 _aINFLUENCIAS DEL AMBIENTE
700 _aMORALES VILLEGAS, FRANCISCO JAVIER
942 _c01
010 _a26934
999 _c215043
_d215043